| Tag |
First Indicator |
Second Indicator |
Subfields |
| LEADER |
00000cam a2200000 i 4500 |
| 001 |
in00004467521 |
| 005 |
20191202121826.0 |
| 008 |
770818s1975 ne a b 10110 eng |
| 010 |
|
|
|a 75037061
|
| 015 |
|
|
|a Ne***
|
| 020 |
|
|
|a 044415213X (American Elsevier)
|
| 035 |
|
|
|a (OCoLC)02139990
|
| 035 |
|
|
|z (UtOrBLW)10026
|
| 035 |
|
|
|a 18544
|
| 040 |
|
|
|a DLC
|c DLC
|d TXA
|d UtOrBLW
|
| 049 |
|
|
|a TXAX
|c [1155310]
|
| 060 |
|
4 |
|a WK 815
|b B871 1974
|
| 111 |
2 |
|
|a Brook Lodge Symposium on Micronase
|d (1974)
|
| 245 |
1 |
0 |
|a Micronase glyburide :
|b pharmacological and clinical evaluation : proceedings of the Brook Lodge Symposium Augusta, Michigan November 25 to 27, 1974 /
|c Harold Rifkin, editor ; co-editors, Peter H. Forsham [and others].
|
| 264 |
|
1 |
|a Amsterdam ;
|a Princeton, N.J. :
|b Excerpta Medica,
|c 1975.
|
| 300 |
|
|
|a xi, 276 pages :
|b illustrations ;
|c 23 cm.
|
| 336 |
|
|
|a text
|2 rdacontent
|b txt
|
| 337 |
|
|
|a unmediated
|2 rdamedia
|
| 338 |
|
|
|a volume
|2 rdacarrier
|b nc
|
| 490 |
1 |
|
|a International congress series ;
|v no. 382
|
| 500 |
|
|
|a Sponsored by the Upjohn Company.
|
| 504 |
|
|
|a Includes bibliographies and indexes.
|
| 505 |
2 |
|
|a A review of glyburide metabolism in man and labratory animals
|
| 520 |
8 |
|
|a Animal studies
|
| 650 |
|
2 |
|a Glyburide
|x pharmacology.
|
| 650 |
|
2 |
|a Diabetes Mellitus
|x drug therapy.
|
| 655 |
|
2 |
|a Congresses.
|
| 700 |
1 |
|
|a Rifkin, Harold,
|d 1916-
|
| 710 |
2 |
|
|a Upjohn Company.
|
| 830 |
|
0 |
|a International congress series ;
|v no. 382.
|
| 948 |
|
|
|a 1155310
|
| 948 |
|
|
|a Keep per EC, 2003 evaluation; retention reasons in 505, 520, 599, or 650 fields; 04/14/2004, mk.
|
| 999 |
|
|
|a MARS
|
| 999 |
f |
f |
|s 872206aa-860c-3d9e-94c8-9c6c20c7055f
|i 7c4e2190-ff34-3c8b-81b2-09c3305ac6d7
|t 0
|
| 952 |
f |
f |
|p ric
|a Texas A&M University
|b Rellis Campus
|c Joint Library Facility
|d Remote Storage
|t 0
|e WK 815 B871 1974
|h National Library of Medicine classification
|i unmediated -- volume
|m 323890003126.
|
| 998 |
f |
f |
|a WK 815 B871 1974
|t 0
|l Remote Storage
|